000 01087nam a2200265Ia 4500
003 OSt
005 20220918110857.0
006 a|||||r|||| 00| 0
007 ta
008 220915b |||||||| |||| 00| 0 san d
020 _c225
024 _a279954
037 _b113, 09/08/2012, Eastern Book Linkers
_cReference Collections
040 _aARTS
_cARTS
_bsan
041 _2san
_asan
082 _aO15a, P2(RR)
100 _aशास्त्री, वी. कुटुम्बा
_99977
245 0 _aआधुनिक संस्कृत साहित्य सन्दर्भ सूची
246 _aĀdhunik sanskṛut sāhitya sandarbha sūchī
260 _aनई दिल्ली
_bराष्ट्रीय संस्कृत संस्थान भारत
_c2002
300 _a180पृ0
650 _aसंस्कृत साहित्य
942 _hO15a, P2(RR)
_cREF
999 _c115458
_d115458